Library Banner

The community of science in Europe : Preconditions for resea (Record no. 8747)

MARC details
000 -LEADER
fixed length control field 00467nam a2200181Ia 4500
001 - CONTROL NUMBER
control field 7294
008 - FIXED-LENGTH DATA ELEMENTS--GENERAL INFORMATION
fixed length control field 140321s9999 xx 000 0 und d
020 ## - INTERNATIONAL STANDARD BOOK NUMBER
International Standard Book Number 0-566-05632-1
040 ## - CATALOGING SOURCE
Transcribing agency PK-LaUMT
082 ## - DEWEY DECIMAL CLASSIFICATION NUMBER
Classification number 509.204
Item number FRA-C
100 ## - MAIN ENTRY--PERSONAL NAME
Personal name Franklin, Mark N.
245 #4 - TITLE STATEMENT
Title The community of science in Europe : Preconditions for resea
Statement of responsibility, etc Franklin, Mark N.
260 ## - PUBLICATION, DISTRIBUTION, ETC. (IMPRINT)
Date of publication, distribution, etc 1988
300 ## - PHYSICAL DESCRIPTION
Extent 359 p.
546 ## - LANGUAGE NOTE
Language note EN
650 ## - SUBJECT ADDED ENTRY--TOPICAL TERM
Topical term or geographic name as entry element European science foundations
942 ## - ADDED ENTRY ELEMENTS (KOHA)
Koha item type Books
Holdings
Withdrawn status Lost status Damaged status Not for loan Home library Current library Date acquired Total Checkouts Full call number Barcode Date last seen Price effective from Koha item type
        UMT Main Campus UMT Main Campus 2014-03-21   509.204 FRA-C 8474 2014-03-21 2014-03-21 Books